Raumforschung und Raumordnung

Enregistré dans:
Détails bibliographiques
Format: Publication en série
Langue:allemand
Publié: Köln Heymann 1970
Tags: Ajouter un tag
Pas de tags, Soyez le premier à ajouter un tag!

MARC

LEADER 00000nas2a2200000 4500
001 0017724
005 20250730114357.8
041 0 |a ger 
044 |a DE 
245 1 0 |a Raumforschung und Raumordnung 
264 1 |a Köln  |b Heymann  |c 1970 
300 |a 1 zv. 
773 0 |w eu_un_cat*s122790